00633nam a2200181 i 450000100060000000300090000600500170001500700030003200800410003508000210007610000400009724500510013726000380018830000220022685200640024899900170031295201220032914545ES-MaACL20230906150834.0t|990422s1998 sp ||||1| spa d a821.134.2-14"19"1 aJiménez Planas, Saturnino.96659110aObra poética / cSaturnino Jiménez Planas. aSevilla : b[El autor ?], c1998. a139 p. ; c21 cm. aES-MaACLjL-21735 bR.127032 q. - Ded. autógr. del autor c14545d14545 00104070aATENEOMbATENEOMcDEPO2d2008-01-17eSCl0oL-21735p1014793r2023-02-23 00:00:00w2023-02-23yMONOGRAFIA